All Overwatch Heroes - Statistics

General Stats
  • This quiz has been taken 25 times
    13 since last reset
  • The average score is 28 of 40
Answer Stats
Class Hero % Correct
Tank D.Va
100%
Damage Tracer
100%
Damage Widowmaker
100%
Damage Genji
90%
Damage Hanzo
90%
Tank Roadhog
90%
Tank Winston
90%
Support Ana
80%
Damage Cassidy
80%
Tank Junker Queen
80%
Support Kiriko
80%
Support Mercy
80%
Damage Soldier: 76
80%
Tank Wrecking Ball
80%
Support Zenyatta
80%
Support Baptiste
70%
Support Brigitte
70%
Damage Junkrat
70%
Support Lúcio
70%
Damage Mei
70%
Support Moira
70%
Tank Orisa
70%
Damage Reaper
70%
Tank Sigma
70%
Damage Sombra
70%
Tank Doomfist
60%
Damage Echo
60%
Damage Pharah
60%
Tank Reinhardt
60%
Damage Sojourn
60%
Damage Symmetra
60%
Tank Zarya
60%
Damage Ashe
50%
Damage Bastion
50%
Tank Mauga
50%
Tank Ramattra
50%
Damage Torbjörn
50%
Support Juno
40%
Support Lifeweaver
40%
Support Illari
30%
No matching quizzes found
Score Distribution
Percent of People with Each Score
Percentile by Number Answered
Your Score History
You have not taken this quiz since the last reset